Periodic Table Quiz - Statistics

General Stats
  • This quiz has been taken 45 times
  • The average score is 13 of 15
Answer Stats
Hint Answer % Correct
What is used to float ballons Helium
100%
2nd most common element in the air Oxygen
100%
Lightest element Hydrogen
98%
Most common element in the air Nitrogen
95%
The element bananas are known for giving you Potassium
95%
The element milk is known for giving you Calcium
91%
The element that makes up diamonds Carbon
91%
The only metal that is liquid at room temperature Mercury
91%
The most common thing split in nukes to make the explosion Uranium
88%
The element used in batteries Lithium
86%
The element named after a famous science prize Nobelium
79%
The 2nd most common thing split in nukes to make the explosion Plutonium
77%
The only 3 letter long element Tin
65%
Heaviest element Oganesson
60%
The metal that melts in your hand but not your table Gallium
44%
No matching quizzes found
Score Distribution
Percent of People with Each Score
Percentile by Number Answered
Your Score History
You have not taken this quiz